000 00826cab a2200277 4500
001 WB2350-14
008 090401t1987 xxu||||| |||| 00| 0 eng d
035 _a(Sirsi) u72917
041 _aeng
245 _aHousing project go-ahead
260 _c1987
350 _a0
490 _aDaily Telegraph
_v14/12/87 p28 Financial Times 15/12/87 p8
520 _aApproval has been given for the development of one of the largest private housing schemes on "interim" green belt land on the outskirts of Harlow , Essex .
650 _aBRENTHALL PARK
650 _aCOUNTRYSIDE PROPERTIES
650 _aCROUDACE
650 _aM11
650 _aPARTNERSHIP
650 _aPLANNING PERMISSION
650 _aPRIVATE SECTOR
650 _aWATES
690 _aPLANNING LAW AND PRACTICE
942 _n0
948 _c04/03/1997
999 _c46090
_d46090